| 000 | 02519cam a2200349 4500500 | ||
|---|---|---|---|
| 005 | 20260208005040.0 | ||
| 041 | _afre | ||
| 042 | _adc | ||
| 100 | 1 | 0 |
_aFeith, Michel _eauthor |
| 245 | 0 | 0 | _aQue peut la littérature ethnique ? |
| 260 | _c2012. | ||
| 500 | _a2 | ||
| 520 | _aRoland Barthes’ notion of emotional “moments of truth” in literature can be a starting point for the study of the powers of literature, and more specifically of “ethnic” literature in the United States. John Edgar Wideman’s Reuben will serve as our point of entry, because of the intense wealth of emotions the novel elicits – at least, that it elicited in this reader. A first approach will follow Martha Nussbaum’s conception of “poetic justice” and Jacques Rancière’s “politics of literature”: I will try to show that literary emotions deserve attention in their own right, but can also be the building blocks for a virtual democracy that may allow us to unlearn discriminatory reflexes. Yet, since Wideman’s works radically question literary realism, the main reference invoked by the two above-mentioned critics, it might be worthwhile taking another path, one that tries to achieve freedom from the paradigm of “race” and domination through complex narrative forms inspired by the African conception of cyclical Great Time. Melancholy will be our guide, understood both as the feeling of grief and dispossession that gives the lie to the myth of Progress, and as a matrix for original creative forms, trickster-like and mythical. The truth of the literary moment may then be seen to flow from a “holographic” vision of the wholeness of humanity, uniting rather than separating culturally defined world views. | ||
| 690 | _a« moments de vérité » en littérature | ||
| 690 | _aémotion littéraire | ||
| 690 | _aJacques Rancière | ||
| 690 | _aJohn Edgar Wideman | ||
| 690 | _aMartha Nussbaum | ||
| 690 | _aReuben | ||
| 690 | _aRoland Barthes | ||
| 690 | _a“moments of truth” in literature | ||
| 690 | _aGreat Time | ||
| 690 | _aJacques Rancière | ||
| 690 | _aJohn Edgar Wideman | ||
| 690 | _aliterary emotion | ||
| 690 | _aMartha Nussbaum | ||
| 690 | _apolitics of literature | ||
| 690 | _aReuben | ||
| 690 | _aRoland Barthes | ||
| 786 | 0 | _nRevue française d’études américaines | 130 | 4 | 2012-09-01 | p. 32-47 | 0397-7870 | |
| 856 | 4 | 1 | _uhttps://shs.cairn.info/revue-francaise-d-etudes-americaines-2011-4-page-32?lang=fr&redirect-ssocas=7080 |
| 999 |
_c1650316 _d1650316 |
||